| 000 | 00513nam a2200205Ia 4500 | ||
|---|---|---|---|
| 005 | 20230805112205.0 | ||
| 008 | 131103s9999 xx 000 0 und d | ||
| 040 | _aLoreto College | ||
| 041 | _aEnglish | ||
| 082 |
_a920 _bMAC |
||
| 100 | _aMackenzie, Compton | ||
| 245 |
_aGallipoli Memories _cCompton Mackenzie |
||
| 260 |
_aLondon _bCassell and Co, _c1929 |
||
| 300 | _ax,406p | ||
| 504 | _aIncludes index | ||
| 650 | _aBiography | ||
| 651 | _aGallipoli, Biography | ||
| 850 | _aLCLIB | ||
| 942 | _cBK | ||
| 999 |
_c12366 _d62845 |
||